书目信息 |
| 题名: |
集成电路电子制作精制精讲
|
|
| 作者: | 阳鸿钧 编著 | |
| 分册: | ||
| 出版信息: | 北京 中国电力出版社 2008.01 |
|
| 页数: | 163页 | |
| 开本: | 26cm | |
| 丛书名: | ||
| 单 册: | ||
| 中图分类: | TN405 | |
| 科图分类: | ||
| 主题词: | 集成电路--ji cheng dian lu--制作 | |
| 电子资源: | ||
| ISBN: | 978-7-5083-5941-0 | |
| 000 | 00910nam0 2200229 450 | |
| 001 | 012008542424 | |
| 005 | 20080610160023.01 | |
| 010 | @a978-7-5083-5941-0@dCNY18.00 | |
| 100 | @a20080610d2008 em y0chiy0120 ea | |
| 101 | 0 | @achi |
| 102 | @aCN@b110000 | |
| 105 | @aak z 000yy | |
| 106 | @ar | |
| 200 | 1 | @a集成电路电子制作精制精讲@Aji cheng dian lu dian zi zhi zuo jing zhi jing jiang@f阳鸿钧等编著@Fyang hong jun deng bian zhu |
| 210 | @a北京@c中国电力出版社@d2008.01 | |
| 215 | @a163页@c图@d26cm | |
| 330 | @a本书从语音、遥控、定时、电源等多方面介绍具有很高实用价值的集成电路应用电路, 对集成电路作为应用电路的核心器件作了精辟的介绍,对应用电路的原理与结构形式作了分析与解剖,对应用电路中所采用的元器件选择进行了指导。 | |
| 606 | 0 | @a集成电路@Aji cheng dian lu@x制作 |
| 690 | @aTN405@v4 | |
| 701 | 0 | @a阳鸿钧@Ayang hong jun@4编著 |
| 801 | 0 | @aCN@bQSSK@c20080610 |
| 905 | @b725532-33@dTN405@eY133@f2 | |
| 集成电路电子制作精制精讲/阳鸿钧等编著.-北京:中国电力出版社,2008.01 |
| 163页:图;26cm |
| ISBN 978-7-5083-5941-0:CNY18.00 |
| 本书从语音、遥控、定时、电源等多方面介绍具有很高实用价值的集成电路应用电路, 对集成电路作为应用电路的核心器件作了精辟的介绍,对应用电路的原理与结构形式作了分析与解剖,对应用电路中所采用的元器件选择进行了指导。 |
| ● |
| 相关链接 |
|
|
|
正题名:集成电路电子制作精制精讲
索取号:TN405/Y133
 
预约/预借
| 序号 | 登录号 | 条形码 | 馆藏地/架位号 | 状态 | 备注 |
| 1 | 725532 | 207255325 | 自科二线400A/400A自科库 4排3列3层/ [索取号:TN405/Y133] | 在馆 | |
| 2 | 725533 | 207255334 | 自科二线400A/400A自科库 4排3列3层/ [索取号:TN405/Y133] | 在馆 |